| 000 | 00845nam a22002297a 4500 | ||
|---|---|---|---|
| 999 |
_c2451 _d2451 |
||
| 003 | AR-CdUCM | ||
| 008 | 190304b ||||| |||| 00| 0 spa d | ||
| 040 |
_aMUNICIPALIDAD PROVINCIAL DEL CUSCO _cBIBLIOTECA MUNICIPAL DEL CUSCO |
||
| 082 |
_a378.513 / _bF83 |
||
| 100 |
_aFreire, Paulo _91939 |
||
| 245 | _aPedagogia del Oprimido / | ||
| 260 |
_aLima : _bDirección de Publicaciones de la Dirección General de Extensión Educativa del Ministerio de Educación, _c1971. |
||
| 300 |
_a250 paginas ; _b3h, _c17cm. |
||
| 500 | _aBibliografía de y sobre Paulo Freire, preparado por Hugo Assmann": p. [245]-250 | ||
| 650 |
_aEducación y clases sociales _98772 |
||
| 650 |
_aAreas Subdesarrolladas _96163 |
||
| 650 |
_aHistoria _9136 |
||
| 650 |
_aLiteratura _983 |
||
| 700 |
_aRuiz Durand, Jesús _98773 |
||
| 942 |
_2ddc _cLIBROS |
||
| 945 | _apjha | ||